Los discursos de los docentes de la Facultad de Derecho de la UNR sobre el plan de estudios (Registro nro. 21839)
[ vista simple ]
| 000 -LEADER | |
|---|---|
| fixed length control field | 00371 a2200109 4500 |
| 001 - CONTROL NUMBER | |
| control field | ART_45738 |
| 005 - DATE AND TIME OF LATEST TRANSACTION | |
| control field | 20260410161815.0 |
| 008 - FIXED-LENGTH DATA ELEMENTS--GENERAL INFORMATION | |
| fixed length control field | 260409a |
| 100 1# - MAIN ENTRY--PERSONAL NAME | |
| Personal name | Pezzetta, Silvina |
| 245 10 - TITLE STATEMENT | |
| Title | Los discursos de los docentes de la Facultad de Derecho de la UNR sobre el plan de estudios |
| 773 0# - HOST ITEM ENTRY | |
| Title | Academia |
| Related parts | - Año 15, Nº 29 (ene./jun. 2017) |
| Record control number | REV4314 |
No hay ítems disponibles.